ՀՀ Գիտությունների ազգային ակադեմիայի հիմնարար գիտական գրադարան  =   Fundamental Scientific Library of NAS RA
Normal view MARC view

Entry Personal Name

Number of records used in: 24

001 - CONTROL NUMBER

  • control field: 1328

003 - CONTROL NUMBER IDENTIFIER

  • control field: AM-YEHGA

005 - DATE AND TIME OF LATEST TRANSACTION

  • control field: 20250617070427.0

008 - FIXED-LENGTH DATA ELEMENTS

  • fixed length control field: 050218 a|ac|n|aab||||||||||||a |n|||||||

040 ## - CATALOGING SOURCE

  • Original cataloging agency: AM-YEHGA

100 1# - HEADING--PERSONAL NAME

  • Personal name: Պիվազյան, Էմանուել Արզումանի,
  • Dates associated with a name: 1920-1995

400 1# - SEE FROM TRACING--PERSONAL NAME

  • Personal name: Պիվազյան, Էմանուել,
  • Dates associated with a name: 1920-1995

400 1# - SEE FROM TRACING--PERSONAL NAME

  • Personal name: Պիվազյան, Էմանուիլ,
  • Dates associated with a name: 1920-1995

400 1# - SEE FROM TRACING--PERSONAL NAME

  • Personal name: Պիվազյան, Էմ.Ա.
  • Fuller form of name: (Էմանուել Արզումանի),
  • Dates associated with a name: 1920-1995

400 1# - SEE FROM TRACING--PERSONAL NAME

  • Personal name: Պիվազյան, Է.Ա.
  • Fuller form of name: (Էմանուել Արզումանի),
  • Dates associated with a name: 1920-1995

400 1# - SEE FROM TRACING--PERSONAL NAME

  • Personal name: Պիվազյան, Էմ.
  • Fuller form of name: (Էմանուել),
  • Dates associated with a name: 1920-1995

400 1# - SEE FROM TRACING--PERSONAL NAME

  • Personal name: Պիվազյան, Է.
  • Fuller form of name: (Էմանուել),
  • Dates associated with a name: 1920-1995

400 1# - SEE FROM TRACING--PERSONAL NAME

  • Personal name: Пивазян, Эмануел Арзуманович,
  • Dates associated with a name: 1920-1995

400 1# - SEE FROM TRACING--PERSONAL NAME

  • Personal name: Пивазян, Эм.А.
  • Fuller form of name: (Эмануел Арзуманович),
  • Dates associated with a name: 1920-1995

400 1# - SEE FROM TRACING--PERSONAL NAME

  • Personal name: Pivazyan, Emanuel Arzumani,
  • Dates associated with a name: 1920-1995

670 ## - SOURCE DATA FOUND

  • Source citation: Հայկական համառոտ հանրագիտարան, 2003 :
  • Information found: հ. 4 (Պիվազյան Էմանուել Արզումանի (8.12.1920, Նոր Բայազետ (այժմ՝ ք. Գավառ) - 27.3.1995, Երևան), գրականագետ։ Բանաս. գիտ. դ-ր (1989), պրոֆ. (1990)։ ԵՕԼԻ-ի դասախոս (1948-57), դեկան (1948-54)։ ԵՊՀ-ի դասախոս (1957-ից), հայագիտ. կենտրոնի վարիչ (1969-84)։ ԳԱ «Պատմաբանաս. հանդեսի» գլխ. խմբ. տեղ. (1975-90))

670 ## - SOURCE DATA FOUND

  • Source citation: Եղիշե։ Վարդանի և հայոց պատերազմի մասին։ Ե դար, 1994 :
  • Information found: տիտղթ. (Խմբ.՝ Էմանուիլ Պիվազյան)

670 ## - SOURCE DATA FOUND

  • Source citation: Հայ մշակույթի նշանավոր գործիչները (V-XVIII դարեր), 1976 :
  • Information found: տիտղթ. (Խմբ.՝ Է. Աղայան, Էմ. Պիվազյան, Հ.Գ. Ժամկոչյան)

670 ## - SOURCE DATA FOUND

  • Source citation: Հայագիտությունը 50 տարում, 1971 :
  • Information found: տիտղթ. (Խմբ.՝ Հ.Գ. Ժամկոչյան, Է.Ա. Պիվազյան, Ա.Թ. Թովմասյան)

670 ## - SOURCE DATA FOUND

  • Source citation: Ժամանակակից հայերենի պարզ նախադասության շարադասությունը, 1976 :
  • Information found: տիտղթ. (Խ. Բադիկյան; Խմբ.՝ Է. Պիվազյան)

670 ## - SOURCE DATA FOUND

  • Source citation: Армения в эпоху Юстиниана, 1971 :
  • Information found: т.л. (Н. Адонц; Ред. кол.: М.Г. Нерсисян, Э.Б. Агаян, М.М. Мкрян, Эм.А. Пивазян)


ՀՀ ԳԱԱ հիմնարար գիտական գրադարան
ՀՀ,Երևան 0019
Մարշալ Բաղրամյան 24/6
հեռախոս:(374-10) 52-47-50
Հետադարձ կապ

All site content, except where otherwise noted, is licensed under a
Creative Commons License